1985 1419 1017 1253 1051 1419 1122 1967 1202 1915 1648 1205 1409 1382 1444 1014 1400 1202 1425 1544 1218 1138 1404 1096 1603 1068 1218 1580 1195 1609 1281 1066 1055 1099 1724 1958 1607 1282 1200 1618 1390 1054 1960 1235 1597 1793 1467 1560 1128 1003 1302 1794 1057 1922 1455 1060 1225 1452 1750 1339 1532 1224 1992 1522 1443 1972 1486 1656 1841 1801 1117 1139 1977 1528 1279 1072 2000 1810 1080 1110 1858 1270 1847 1888 1504 1983 1549 1964 1715 1251 1359 1805 1619 1348 1947 1224 1540 1147 1420 BCNSPRNW ULIB Ver.6.0+V

เปลี่ยนเป็นภาษาไทย

Change to English
 แสดงรายละเอียดบรรณานุกรม
  กลับหน้าหลัก

Brief Record : Get Marc (ISO 2709) : E-mail record : QR code < ปิดหน้าต่าง
LEADER : 00000nam 2200000uu 4500
001    13399111162
003     ULIB
008    110617s||||||||th 000 0 tha d
020    9789742729820
050 04 BF637.58^bข45พ 2548
100 0  พระเทพโสภณ (ประยูร)
245 10 ขอบฟ้าแห่งความรู้ /^cพระเทพโสภณ (ประยูร ธมฺมจิตฺโต)
250    พิมพ์ครั้งที่ 1
260    กรุงเทพฯ :^bอมรินทร์,^c2548
300    133 หน้า :^bภาพประกอบ
440  0 ชุดธมมะอ่านง่าย ;^v2
650  7 การศึกษากับสังคม
650  7 การพัฒนาการศึกษา
650  7 การศึกษา^xการบริหาร
710    อมรินทร์
945    ^p100^l0^i017840
995    ทศพร
999 ^a ใช้งานได้ทุกระบบ
รายการนี้ยังไม่มีแท็ก
คุณยังไม่ได้ล็อกอิน คุณสามารถมีกิจกรรมร่วมกับเว็บไซต์ได้ แต่ต้องล็อกอินก่อน ::
  ล็อกอิน

รายการสื่อสารสนเทศ

ลำดับที่ ประเภท เลขเรียก/บาร์โค้ด สถานที่ สถานะ
- ไม่พบข้อมูล -

รายการใกล้เคียง
    ผู้แต่ง [พระเทพโสภณ (ประยูร)]

    หัวเรื่อง [การศึกษากับสังคม]
    หัวเรื่อง [การพัฒนาการศึกษา]

BibComment


ยังไม่เคยถูกคอมเมนท์

คอมเมนท์ทรัพยากรรายการนี้
  คอมเมนท์: ขอบฟ้าแห่งความรู้..


 Copyright 2026. Bcnsprnw @Library